00000000nam 2200000zi 4500
0019.956990
003CaOODSP
00520251031153046
006m     o  d f      
007cr |n|||||||||
008251031e20251031onc     ob   f000 0 eng d
040 |aCaOODSP|beng|erda|cCaOODSP
043 |an-cn---
0861 |aH113-25/2025-8E-PDF
24500|aMetamitron, Brevis 150 SC, and Brevis 15 SG.
264 1|aOttawa, Ontario : |bPest Management Regulatory Agency, Health Canada, |c31 October 2025.
264 4|c©2025
300 |a1 online resource (6 pages).
336 |atext|btxt|2rdacontent
337 |acomputer|bc|2rdamedia
338 |aonline resource|bcr|2rdacarrier
4901 |aRegistration decision, |x1925-0940 ; |vRD2025-08
500 |aIssued also in French under title: Métamitrone, Brevis 150 SC et Brevis 15 SG.
504 |aIncludes bibliographical references.
650 0|aPlant regulators|xCertification|zCanada.
650 0|aPlant regulators|xRisk assessment|zCanada.
650 0|aPlant regulators|xHealth aspects.
650 0|aPlant regulators|xEnvironmental aspects.
650 0|aPlant regulators|xToxicology.
7101 |aCanada. |bPest Management Regulatory Agency, |eissuing body.
77508|tMétamitrone, Brevis 150 SC et Brevis 15 SG.|w(CaOODSP)9.956991
830#0|aRegistration decision ;|vRD2025-08.|w(CaOODSP)9.505184
85640|qPDF|s203 KB|uhttps://publications.gc.ca/collections/collection_2025/sc-hc/h113-25/H113-25-2025-8-eng.pdf
8564 |qHTML|sN/A|uhttps://www.canada.ca/en/health-canada/services/consumer-product-safety/reports-publications/pesticides-pest-management/decisions-updates/registration-decision/2025/metamitron-brevis-150-sc-15-sg.html